Michel Foucault : personal autonomy and education

Αποθηκεύτηκε σε:
Λεπτομέρειες βιβλιογραφικής εγγραφής
Κύριος συγγραφέας: Marshall, James (James D.)
Μορφή: Βιβλίο
Γλώσσα:English
Δημοσίευση: Dordrecht : Kluwer Academic Publishers, 1997
Σειρά:Philosophy and education ; ; 7
Θέματα:
Ετικέτες: Προσθήκη ετικέτας
Δεν υπάρχουν, Καταχωρήστε ετικέτα πρώτοι!

MARC

LEADER 00000cam a2200000 i 4500
001 1/86516
008 990714s1996 eng d
020 |a 0-7923-4016-7 
035 |l 10052094 
040 |a GR-MY-UA  |b gre  |e aacr 
041 0 |a eng 
082 0 |a 194 
100 1 |a Marshall, James   |q (James D.) 
245 1 0 |a Michel Foucault :  |b personal autonomy and education /  |c James D. Marshall 
260 |a Dordrecht :   |b Kluwer Academic Publishers,   |c 1997 
300 |a 245 p. 
490 1 |a Philosophy and education  |v ; 7 
600 1 0 |a Foucault, Michel,   |d 1926-1984. 
650 0 0 |a Postmodernism and education. 
650 0 0 |a Autonomy (Psychology) 
830 0 |a Philosophy and education ;  |v ; 7 
852 |a INST  |b RHODES  |e 19990714  |h 194 MAR  |p 005400014855  |q 005400014855  |t BK  |y 0 
901 |a BIBL4-1999-2 
909 |a Ρ  |b 065782 
922 |a 4ΕΛΗ  |b 199905  |c ΚΠΣ/154  |d LEADER 
970 |z 1999/07/14